Celebrity Kids Last Names! - Statistics

General Stats
  • This quiz has been taken 593 times
  • The average score is 7 of 15
Answer Stats
Hint Answer % Correct
Kourtney, Kim, Khloe, Robert, Kylie, Kendall Kardashian
93%
Jaden, Willow Smith
92%
Paris, Prince Michael, Michael Jr Jackson
84%
Ivanka, Tiffany, Eric, Barron, Donald Jr. Trump
80%
Brooklyn, Romeo, Cruz, Harper Beckham
79%
Maddox, Pax, Zahara, Shiloh, Knox, Vivienne Jolie-Pitt
73%
Natasha, Malia Obama
47%
Sean Preston, Jayden James Spears
39%
Emme, Max Lopez
36%
Kingston, Zuma, Apollo Stefani
34%
Junior, Princess Tiaamii, Amelia Andre
28%
Finn, Hattie, Liam, Aaron, Stella Spelling
16%
India, Sasha, Tristan Hemsworth
13%
Donald, Jeremy, Brandon, Christopher, Joshua Osmond
3%
Isabella, Maya, Kaila, Eva, Jackson Chambers
2%
No matching quizzes found
Score Distribution
Percent of People with Each Score
Percentile by Number Answered
Your Score History
You have not taken this quiz